[Event "105th YMCA Spring C"]
[Site "Warszawa"]
[Date "2012.06.20"]
[Round "11"]
[White "Szewczyk, Mariusz"]
[Black "Sawicki, Wojciech"]
[Result "1-0"]
[WhiteElo "1851"]
[BlackElo "1770"]
[PlyCount "141"]
[EventDate "2012.04.11"]
[EventType "tourn"]
[EventRounds "1"]
[EventCountry "POL"]
[SourceDate "2012.04.11"]

1. e4 e5 2. Nf3 Nc6 3. Nc3 Nf6 4. d4 exd4 5. Nxd4 Bb4 6. Nxc6 bxc6 7. Bd3 d5 8.
exd5 cxd5 9. O-O O-O 10. Bg5 c6 11. Qf3 h6 12. Bxf6 Qxf6 13. Qxf6 gxf6 14. Ne2
c5 15. Nf4 Be6 16. Nh5 f5 17. c3 Ba5 18. f4 Rab8 19. Rab1 c4 20. Bc2 Bb6+ 21.
Kh1 d4 22. cxd4 Bxd4 23. b3 cxb3 24. axb3 Rfc8 25. Bd1 Rc3 26. Ng3 Bc4 27. Rf3
Rxf3 28. gxf3 Bd3 29. Rc1 Re8 30. Kg2 Re1 31. Rc8+ Kg7 32. Bc2 Rg1+ 33. Kh3
Bxc2 34. Rxc2 Kg6 35. Rc6+ Bf6 36. Nh5 Kxh5 37. Rxf6 Rb1 38. Rxf5+ Kg6 39. Rb5
Rb2 40. Kg3 a6 41. Rb6+ f6 42. b4 Ra2 43. h4 a5 44. b5 Rb2 45. Rb8 a4 46. Rg8+
Kf7 47. Ra8 Rxb5 48. Rxa4 Rb1 49. f5 Rb7 50. Kg4 Kg7 51. Kh5 Kh7 52. Rc4 Ra7
53. Rc6 Kg7 54. Rc4 Kh7 55. Kg4 Kg7 56. Kf4 Re7 57. Rd4 Kf7 58. Rd2 Kg7 59.
Rg2+ Kh7 60. Rg6 Rf7 61. Kg4 Rg7 62. Rxg7+ Kxg7 63. Kf4 Kf7 64. Ke4 Ke7 65. Kd5
Kd7 66. h5 Ke7 67. Kc6 Ke8 68. Kd6 Kf7 69. Kd7 Kf8 70. Ke6 Kg7 71. Ke7 1-0

[Event "105th YMCA Spring C"]
[Site "Warszawa"]
[Date "2012.06.20"]
[Round "11"]
[White "Krzyzanowski, Antoni"]
[Black "Wrabel, Antoni"]
[Result "1-0"]
[WhiteElo "1777"]
[BlackElo "1713"]
[PlyCount "71"]
[EventDate "2012.04.11"]
[EventType "tourn"]
[EventRounds "1"]
[EventCountry "POL"]
[SourceDate "2012.04.11"]

1. d4 d5 2. c4 c6 3. Nc3 Nf6 4. Nf3 e6 5. Bg5 Be7 6. e3 Nbd7 7. Qc2 O-O 8. Rd1
Re8 9. Bd3 dxc4 10. Bxc4 Nd5 11. h4 Nf8 12. e4 Nxc3 13. bxc3 Qa5 14. e5 b5 15.
Bd3 b4 16. Be4 Bb7 17. O-O f5 18. exf6 gxf6 19. cxb4 Qd8 20. Bh6 f5 21. Bxc6
Bxc6 22. Qxc6 Bxh4 23. Rfe1 Rc8 24. Qa4 Bf6 25. d5 e5 26. Bxf8 Kxf8 27. d6 Ra8
28. Rd5 e4 29. d7 Re7 30. Rxf5 Kg7 31. Qc6 Rxd7 32. Rxf6 exf3 33. Rxf3 Rc8 34.
Rg3+ Kh8 35. Qh6 Re7 36. Qf6+ 1-0

[Event "105th YMCA Spring C"]
[Site "Warszawa"]
[Date "2012.06.20"]
[Round "11"]
[White "Moskwinski, Marek"]
[Black "Prus, Marek"]
[Result "1/2-1/2"]
[WhiteElo "1829"]
[BlackElo "1735"]
[Annotator "Admin"]
[PlyCount "39"]
[EventDate "2012.04.11"]
[EventType "tourn"]
[EventRounds "1"]
[EventCountry "POL"]
[SourceDate "2012.04.11"]

1. e4 e5 2. Nf3 Nc6 3. Bb5 Nge7 4. O-O g6 5. d4 exd4 6. Nxd4 Bg7 7. Be3 O-O 8.
Nc3 d6 9. Re1 Ne5 10. h3 a6 11. Be2 c5 12. Nb3 Be6 13. Qd2 Qd7 14. Rad1 Rad8
15. f4 N5c6 16. e5 dxe5 17. Qxd7 Rxd7 18. Nxc5 Rxd1 $11 19. Rxd1 Bc8 20. Nd7
$11 1/2-1/2

[Event "105th YMCA Spring C"]
[Site "Warszawa"]
[Date "2012.06.20"]
[Round "11"]
[White "Jarmolowski, Tadeusz"]
[Black "Koziol, Pawel"]
[Result "0-1"]
[WhiteElo "1732"]
[BlackElo "1859"]
[PlyCount "52"]
[EventDate "2012.04.11"]
[EventType "tourn"]
[EventRounds "1"]
[EventCountry "POL"]
[SourceDate "2012.04.11"]

1. e4 e5 2. f4 d5 3. exd5 exf4 4. Nf3 Nf6 5. Bb5+ c6 6. dxc6 Nxc6 7. d4 Bd6 8.
O-O O-O 9. Nc3 Bg4 10. Bxc6 bxc6 11. Qd3 Re8 12. Qc4 Qd7 13. Ne5 Bxe5 14. dxe5
Rxe5 15. Bxf4 Be6 16. Qa4 Rh5 17. Rad1 Qb7 18. b3 c5 19. Qb5 Qc8 20. Qa4 c4 21.
b4 Bd7 22. Qa3 Bc6 23. Rd6 Qb7 24. Rf2 Re8 25. Kf1 Bxg2+ 26. Rxg2 Qf3+ 0-1

[Event "105th YMCA Spring C"]
[Site "Warszawa"]
[Date "2012.05.04"]
[Round "11"]
[White "Szukalski, Antoni"]
[Black "Pajak, Jakub"]
[Result "0-1"]
[WhiteElo "1858"]
[BlackElo "1693"]
[PlyCount "124"]
[EventDate "2012.04.11"]
[EventType "tourn"]
[EventRounds "1"]
[EventCountry "POL"]
[SourceDate "2012.04.11"]

1. e4 c5 2. Nf3 Nc6 3. c3 Nf6 4. e5 Nd5 5. d4 e6 6. Bc4 Nc7 7. O-O b5 8. Bd3 d5
9. exd6 Bxd6 10. Be4 Bb7 11. dxc5 Bxc5 12. Qe2 O-O 13. Rd1 Qc8 14. Bf4 a6 15.
Nbd2 Nd8 16. Bxb7 Nxb7 17. Ne4 Nd5 18. Bg3 Be7 19. h3 Nc5 20. Rac1 Nxe4 21.
Qxe4 Rd8 22. c4 Nf6 23. Rxd8+ Qxd8 24. Qe1 bxc4 25. Rxc4 Qd5 26. b3 Bc5 27. Kh2
Bd6 28. Bxd6 Qxd6+ 29. Qe5 Qxe5+ 30. Nxe5 Nd5 31. g3 h6 32. Kg2 g6 33. Kf3 Kg7
34. Ke2 h5 35. Nd3 a5 36. Nf4 Nxf4+ 37. Rxf4 Rc8 38. Rc4 Rxc4 39. bxc4 Kf6 40.
Kd3 Ke5 41. f4+ Kd6 42. Kd4 f6 43. g4 e5+ 44. fxe5+ fxe5+ 45. Ke4 hxg4 46. hxg4
g5 47. Kf5 Kc5 48. Kxg5 Kxc4 49. Kf5 Kd4 50. g5 e4 51. g6 e3 52. g7 e2 53. g8=Q
e1=Q 54. Qd8+ Kc4 55. Qc7+ Kd3 56. Qd8+ Kc2 57. Qd5 Kb1 58. Qb3+ Ka1 59. Kf6
Qf2+ 60. Ke6 Qxa2 61. Qd5 Qxd5+ 62. Kxd5 Kb2 0-1